000 00628nam a2200181Ia 4500
008 151018s9999 xx 000 0 und d
082 _bRBASDV47734
_a891.433
100 _aनर्मदा इंदूरखा
245 _aब्याह का चक्कर
250 _b1
260 _bनर्मदा पुस्तक प्रकाशन
_c2008
300 _a16
600 _aनर्मदा इंदूरखा
630 _aब्याह का चक्कर
700 _aनर्मदा इंदूरखा
730 _aब्याह का चक्कर
942 _cBOOK
999 _c1046866
_d1046863